Power electronics (Record no. 1404)

000 -LEADER
fixed length control field 00542nam a2200205 4500
001 - CONTROL NUMBER
control field 1404
003 - CONTROL NUMBER IDENTIFIER
control field BD-DhUET
008 - FIXED-LENGTH DATA ELEMENTS--GENERAL INFORMATION
fixed length control field 140906b xxu||||| |||| 00| 0 eng d
020 ## - INTERNATIONAL STANDARD BOOK NUMBER
International Standard Book Number 8120325036
040 ## - CATALOGING SOURCE
Transcribing agency 0
Modifying agency BD-DhUET
082 ## - DEWEY DECIMAL CLASSIFICATION NUMBER
Classification number 623.17
Item number RAS/2004
100 ## - MAIN ENTRY--PERSONAL NAME
Personal name Rashid, Muhammad H.
245 ## - TITLE STATEMENT
Title Power electronics
Remainder of title circuits, devices, and applications
250 ## - EDITION STATEMENT
Edition statement 3rd ed.
260 ## - PUBLICATION, DISTRIBUTION, ETC. (IMPRINT)
Place of publication, distribution, etc. New Delhi
Name of publisher, distributor, etc. Prentice-Hall of India
Date of publication, distribution, etc. 2004
300 ## - PHYSICAL DESCRIPTION
Extent xxiv,880p.
504 ## - BIBLIOGRAPHY, ETC. NOTE
Bibliography, etc Includes bibliographies
650 #0 - SUBJECT ADDED ENTRY--TOPICAL TERM
Topical term or geographic name as entry element Power electronics
942 ## - ADDED ENTRY ELEMENTS (KOHA)
Koha item type General Book
Holdings
Damaged status Koha issues (times borrowed) Withdrawn status Lost status Koha normalized classification for sorting Koha full call number Date acquired Sublocation or collection (holding branch) Not for loan Price effective from Copy number Koha date last borrowed Piece designation (barcode) Koha item type Source of classification or shelving scheme Location (home branch) Koha date last seen Shelving location
 4  623_000000000000000_17RAS2004623.17/RAS/20042014-09-06Central Library, BUET 2014-09-0612021-12-19103652General Book Central Library, BUET2022-04-12Circulation section
 1  623_000000000000000_17RAS2004623.17/RAS/20042014-09-06Central Library, BUET 2014-09-0622022-11-29103653General Book Central Library, BUET2022-11-29Circulation section
 2  623_000000000000000_17RAS2004623.17/RAS/20042014-09-06Central Library, BUET 2014-09-0632018-10-28103654General Book Central Library, BUET2018-11-27Circulation section
    623_000000000000000_17RAS2004623.17/RAS/20042014-09-06Central Library, BUET 2014-09-064 103655General Book Central Library, BUET2014-09-06Circulation section
 1  623_000000000000000_17RAS2004623.17/RAS/20042014-09-06Central Library, BUET 2014-09-0652014-12-07103656General Book Central Library, BUET2016-03-07Circulation section
 4  623_000000000000000_17RAS2004623.17/RAS/20042014-09-06Central Library, BUET 2014-09-0662023-09-23103657General Book Central Library, BUET2025-01-26Circulation section
 3  623_000000000000000_17RAS2004623.17/RAS/20042014-09-06Central Library, BUET 2014-09-0672024-12-08103658General Book Central Library, BUET2025-02-09Circulation section
 3  623_000000000000000_17RAS2004623.17/RAS/20042014-09-06Central Library, BUET 2014-09-0682023-09-24103659General Book Central Library, BUET2023-10-04Circulation section
    623_170000000000000_RAS_2004623.17/RAS/20042014-09-06Central Library, BUET 2014-09-069 103660General Book Central Library, BUET2014-09-06Circulation section
    623_000000000000000_17RAS2004623.17/RAS/20042014-09-06Central Library, BUET 2014-09-0610 103661General Book Central Library, BUET2014-09-06Circulation section